Fr. Conceicao Rodrigues College of Engineering

Hd.bk . Of Industrial Engg. & Management (Record no. 27924)

MARC details
000 -LEADER
fixed length control field 00306nam a2200133Ia 4500
082 ## - DEWEY DECIMAL CLASSIFICATION NUMBER
Classification number 658
100 ## - MAIN ENTRY--PERSONAL NAME
Personal name Grant E.L.
245 ## - TITLE STATEMENT
Title Hd.bk . Of Industrial Engg. & Management
260 ## - PUBLICATION, DISTRIBUTION, ETC.
Name of publisher, distributor, etc. Prentice Hall of India
Place of publication, distribution, etc. NewDelhi
Date of publication, distribution, etc. 1974
300 ## - PHYSICAL DESCRIPTION
Extent 907
546 ## - LANGUAGE NOTE
Language note ENGLISH
654 ## - SUBJECT ADDED ENTRY--FACETED TOPICAL TERMS
Focus term management
942 ## - ADDED ENTRY ELEMENTS (KOHA)
Koha item type BOOK
Holdings
Withdrawn status Lost status Damaged status Not for loan Collection Home library Current library Date acquired Cost, normal purchase price Inventory number Total Checkouts Full call number Barcode Date last seen Cost, replacement price Price effective from Koha item type
        AFT Fr. Agnel's C.Rodrigues College of Engineering Fr. Agnel's C.Rodrigues College of Engineering 17/03/2023 45.00 T-75   658 AFT1601 17/03/2023 45.00 17/03/2023 BOOK